PROBLEMI DELL'INFORMAZIONE, ANNO 22-N.3 (SETTEMBRE 1997) (Record n. 145372)

Dettagli MARC
000 -LEADER
fixed length control field 01141nas a2200277Ia 4500
001 - CONTROL NUMBER
control field R126/E8391
003 - CONTROL NUMBER IDENTIFIER
control field IT-RoPAU
008 - FIXED-LENGTH DATA ELEMENTS--GENERAL INFORMATION
fixed length control field 151124c99999999xx |||||||||||| ||und||
040 ## - CATALOGING SOURCE
Original cataloging agency IT-RoPAU
040 ## - CATALOGING SOURCE
Transcribing agency IT-RoPAU
041 ## - LANGUAGE CODE
Language code of text/sound track or separate title ITALIANO
100 ## - MAIN ENTRY--PERSONAL NAME
Personal name Capecchi Saveria
Miscellaneous information Codice Aut. SPICS: 43895
210 ## - ABBREVIATED TITLE
Abbreviated title PROBLEMI DELL'INFORMAZIONE
222 ## - KEY TITLE
Key title Problemi Dell'Informazione
245 ## - TITLE STATEMENT
Title PROBLEMI DELL'INFORMAZIONE, ANNO 22-N.3 (SETTEMBRE 1997)
Remainder of title Immaginario Tra "Iper-Ordinario" E "Stra-Ordinario" (L'): L'Uso Dei Media Da Parte di un Gruppo di Bambini E Bambine
250 ## - EDITION STATEMENT
Edition statement 1a ed.
260 ## - PUBLICATION, DISTRIBUTION, ETC. (IMPRINT)
Place of publication, distribution, etc. BOLOGNA
Name of publisher, distributor, etc. IL MULINO
Date of publication, distribution, etc. 1997
300 ## - PHYSICAL DESCRIPTION
Extent 26 p. [367-392]
362 ## - DATES OF PUBLICATION AND/OR SEQUENTIAL DESIGNATION
Dates of publication and/or sequential designation ANNO 022, N.03 (SETTEMBRE 1997)
501 ## - WITH NOTE
-- Paulus - SPICS - Società San Paolo EM (non-commercial uses only)
-- Copyright2015
500 ## - GENERAL NOTE
General note Contributo al Dossier: Mondo Giovane e Media. Immaginario All'Insegna di Ricchezza, Fama e Bellezza. Uso della Televisione e dei Libri da Parte di Bambini e Bambine.
650 ## - SUBJECT ADDED ENTRY--TOPICAL TERM
Topical term or geographic name as entry element COMUNICAZIONE
Form subdivision PUBBLICAZIONE PERIODICA
700 ## - ADDED ENTRY--PERSONAL NAME
Personal name Ferrari Maria Grazia
700 ## - ADDED ENTRY--PERSONAL NAME
Miscellaneous information Codice Aut. SPICS: 49398
942 ## - ADDED ENTRY ELEMENTS (KOHA)
Koha item type RIVISTA
Dati di copia
Withdrawn status Lost status Damaged status Not for loan Home library Current library Date acquired Total Checkouts Full call number Date last seen Price effective from Koha item type Public note
    Buone Condizioni Not For Loan SPICS-MEDIATECA SPICS-MEDIATECA 25/11/2015   R126/E8391 25/11/2015 25/11/2015 RIVISTA Progr. Ins: 51995 / Copia rara: NO / date import: 25.11.2015 / By Epidotti, Trombetti, Vaglietti
CREDITS: SOCIETA' SAN PAOLO Via A.Severo, 58 - ROMA (RM) & PERIODICI SAN PAOLO SRL Via Giotto, 36 MILANO & CISF Via Giotto, 36 MILANO & EDIZIONI SAN PAOLO SRL,  Piazza Soncino, 5 CINISELLO BALSAMO (MI) -- ITALY